[Event "EU-ch Hybrid U08"]
[Site "Tornelo INT"]
[Date "2021.10.15"]
[Round "4"]
[White "Belkovsky, Guy"]
[Black "Pasula, Milos"]
[Result "0-1"]
[WhiteElo "1281"]
[BlackElo "1424"]
[PlyCount "124"]
[EventDate "2021.10.15"]
[EventType "swiss"]
[EventRounds "9"]
[EventCountry "NET"]
[SourceTitle "EXT 2023"]
[Source "ChessBase"]
[SourceDate "2022.10.05"]
[SourceVersion "1"]
[SourceVersionDate "2022.10.05"]
[SourceQuality "1"]
[WhiteTeam "Israel"]
[BlackTeam "Serbia"]
[WhiteTeamCountry "ISR"]
[BlackTeamCountry "SRB"]

1. e4 c6 2. d4 d5 3. exd5 cxd5 4. c4 e6 5. Nf3 Nf6 6. Nc3 h6 7. b3 Bb4 8. Bb2 Ne4 9. Qc2 0-0 10. Bd3 f5 11. Nd2 Qh4 12. 0-0 Nxd2 13. Qxd2 Kh8 14. a3 Bxc3 15. Bxc3 Nc6 16. g3 Qf6 17. Kh1 Bd7 18. Be2 Qf7 19. Bf3 Rfe8 20. Bg2 Ne7 21. f4 Ng8 22. Rae1 Rac8 23. Qa2 Nf6 24. Ba1 Ne4 25. Bxe4 fxe4 26. Kg1 Qf5 27. c5 Rf8 28. b4 Bb5 29. Rf2 Rf6 30. Rg2 Rg6 31. Qf2 Rf6 32. Bc3 Be8 33. Bd2 Bh5 34. Qe3 Bf3 35. Rf2 Rg6 36. Bc3 Qh3 37. Rxf3 exf3 38. Qxf3 Rf8 39. Re2 Qf5 40. Rb2 Qxf4 41. Qxf4 Rxf4 42. Kg2 Re4 43. Rc2 Rf6 44. Bb2 Re3 45. a4 Rf8 46. b5 Rb3 47. c6 bxc6 48. bxc6 Rc8 49. a5 Rb5 50. Ba3 Rxa5 51. Bd6 Ra6 52. Be5 Raxc6 53. Rf2 Rc2 54. Bf4 Rxf2+ 55. Kxf2 a5 56. Bd2 a4 57. Ke1 a3 58. Kd1 a2 59. Bc3 Rxc3 60. Kd2 a1Q 61. g4 Qb2+ 62. Ke1 Rc1# 0-1